000 00594nam a2200217Ia 4500
005 20241129105824.0
008 241129s9999||||xx |||||||||||||| ||und||
020 _a978-93-5073-715-6
037 _aTB
040 _aARTS
_beng
_cARTS
041 _aeng
_2urd
084 _aO168,6N04x Q6
_qARTS
100 _aThanvi Shaukat Au.
245 0 _aMa badolat
_cThanvi Shaukat Au.
260 _aDelhi, India
_bEducational Publishing House
_c2018
300 _a208p.
365 _aINR
_b250
650 _aUrdu Prose
_926866
942 _cTB
_hO168,6N04x Q6
999 _c1226144
_d1226144